Ako funguje švajčiarska opčná a termínová burza

Činnosť SOFFEX - Swiss Options and Financial Futures Exchange - akciovej spoločnosti so základným kapitálom 5 mil CHF, jej akcionári, organizačná štruktúra (výkonné riaditeľstvo, burzové operácie - trading, clearing, výpočtové stredisko, logistika, marketing a vzdelávanie. Prevaha obchodovania s opc...

Ausführliche Beschreibung

Gespeichert in:
Bibliographische Detailangaben
1. Verfasser: Benko, M.
Format: Buchkapitel
Sprache:Slowakisch
Schlagworte:
Tags: Tag hinzufügen
Keine Tags, Fügen Sie das erste Tag hinzu!

MARC

LEADER 00000naa a2200000 4500
001 r014439
005 20221205080526.1
041 0 |a slo 
044 |a SK 
245 1 0 |a Ako funguje švajčiarska opčná a termínová burza  |c M. Benko 
520 |a Činnosť SOFFEX - Swiss Options and Financial Futures Exchange - akciovej spoločnosti so základným kapitálom 5 mil CHF, jej akcionári, organizačná štruktúra (výkonné riaditeľstvo, burzové operácie - trading, clearing, výpočtové stredisko, logistika, marketing a vzdelávanie. Prevaha obchodovania s opciami. Vysporiadanie obchodov. 
610 2 0 |a burzy opčné 
610 2 0 |a burzy termínové 
610 2 0 |a Švajčiarsko 
610 2 0 |a obchody burzové 
610 2 0 |a obchody termínové 
610 2 0 |a SOFFTEX 
610 2 0 |a využitie počítačov 
100 1 |a Benko, M.